Structural package designs = (Record no. 11208)

MARC details
000 -CABECERA
campo de control de longitud fija 00940nam a2200277 4500
003 - IDENTIFICADOR DEL NÚMERO DE CONTROL
campo de control OSt
005 - FECHA Y HORA DE LA ÚLTIMA TRANSACCIÓN
campo de control 20260530113844.0
008 - DATOS DE LONGITUD FIJA--INFORMACIÓN GENERAL
campo de control de longitud fija 260507b2011 ne a|||| |||| 00| 0 eng d
020 ## - NÚMERO INTERNACIONAL ESTÁNDAR DEL LIBRO
Número Internacional Estándar del Libro 9789057681608
020 ## - NÚMERO INTERNACIONAL ESTÁNDAR DEL LIBRO
Número Internacional Estándar del Libro 9057680440
040 ## - FUENTE DE LA CATALOGACIÓN
Centro catalogador/agencia de origen ICI
Lengua de catalogación spa
Centro/agencia transcriptor ICI
050 4# - SIGNATURA TOPOGRÁFICA DE LA BIBLIOTECA DEL CONGRESO
Número de clasificación TS195.4
Número de documento/Ítem R665 2011
100 1# - ENTRADA PRINCIPAL--NOMBRE DE PERSONA
Nombre de persona Roojen, Pepin van
9 (RLIN) 30495
245 10 - MENCIÓN DE TÍTULO
Título Structural package designs =
Resto del título Verpackungsformgebung = Diseños de estructuras para embalajes /
Mención de responsabilidad, etc. concepto y diseño, Pepin van Roojen.
246 11 - FORMA VARIANTE DE TÍTULO
Título propio/Titulo breve Verpackungsformgebung
246 11 - FORMA VARIANTE DE TÍTULO
Título propio/Titulo breve Diseños de estructuras para embalajes
264 #1 - PRODUCCIÓN, PUBLICACIÓN, DISTRIBUCIÓN, FABRICACIÓN Y COPYRIGHT
Nombre del de productor, editor, distribuidor, fabricante The Pepin Press,
Fecha de producción, publicación, distribución, fabricación o copyright [2011],
Producción, publicación, distribución, fabricación y copyright Amsterdam, The Netherlands ;
300 ## - DESCRIPCIÓN FÍSICA
Extensión 495 páginas
Dimensiones 15cm.
336 ## - TIPO DE CONTENIDO
Término de tipo de contenido texto
Fuente rdacontent
337 ## - TIPO DE MEDIO
Nombre/término del tipo de medio sin medio
Fuente rdamedia
338 ## - TIPO DE SOPORTE
Nombre/término del tipo de soporte volumen
Fuente rdacarrier
500 ## - NOTA GENERAL
Nota general "CD with templates & demo software" --Cubierta.
650 4# - PUNTO DE ACCESO ADICIONAL DE MATERIA--TÉRMINO DE MATERIA
Término de materia o nombre geográfico como elemento de entrada Envasado
Subdivisión general Diseño
9 (RLIN) 30496
650 4# - PUNTO DE ACCESO ADICIONAL DE MATERIA--TÉRMINO DE MATERIA
Término de materia o nombre geográfico como elemento de entrada Cajas
Subdivisión general Diseño
9 (RLIN) 30497
942 ## - ELEMENTOS DE PUNTO DE ACCESO ADICIONAL (KOHA)
Fuente del sistema de clasificación o colocación Library of Congress Classification
Tipo de ítem Koha

No items available.